000 03262cam a2200409 i 4500
001 21443672
003 NUST
005 20220825120729.0
008 200202s2020 nyu b 001 0 eng
010 _a 2019050475
020 _a9780393635843
_q(hardcover)
020 _z9780393635850
_q(epub)
038 _aAzhar
040 _aLBSOR/DLC
_beng
_cDLC
_erda
_dDLC
042 _apcc
043 _an-us---
050 0 0 _aJV6455
_b.Y34 2020
082 0 0 _a325.73
_223
_bYAN
100 1 _aYang, Jia Lynn,
_eauthor.
_995086
245 1 0 _aOne mighty and irresistible tide :
_bthe epic struggle over American immigration, 1924-1965
_cJia Lynn Yang.
250 _aFirst edition.
260 _aNew York, NY :
_bW.W. Norton & Company,
_c2020
300 _a324 pages ;
_c25 cm
336 _atext
_btxt
_2rdacontent
337 _aunmediated
_bn
_2rdamedia
338 _avolume
_bnc
_2rdacarrier
504 _aIncludes bibliographical references (pages 301-307) and index.
505 0 _a"God's crucible" -- Slamming the door -- A "tragic bottleneck" -- "A land of great responsibilities" -- A son of Nevada -- Internal security -- An Irish Brahmin -- A bold proposal -- A martyr's cause.
520 _a"A sweeping history of the legislative battle to reform American immigration laws that set the stage for the immigration debates roiling America today. The idea of the United States as a nation of immigrants is today so pervasive, and seems so foundational, that it can be hard to believe Americans ever thought otherwise. But a 1924 law passed by Congress instituted a system of ethnic quotas so stringent that it choked off large-scale immigration for decades, sharply curtailing immigration from southern and eastern Europe and outright banning people from nearly all of Asia. In a compelling narrative with a fascinating cast of characters, Jia Lynn Yang recounts how a small number of lawmakers, activists, and presidents worked relentlessly for the next forty years to abolish the 1924 law and its quotas. Their efforts established the new mythology of the United States as "a nation of immigrants" that is so familiar to all of us now. Through a world war, a global refugee crisis, and a McCarthyist fever that swept the country, these Americans never stopped trying to restore the United States to a country that lived up to its vision as a home for "the huddled masses" from Emma Lazarus's famous poem. When the 1965 Immigration and Nationality Act, one of the most transformative laws in the country's history, ended the country's system of racial preferences among immigrants, it opened the door to Asian, Latin American, African, and Middle Eastern migration at levels never seen before-paving the way for America's modern immigration trends in ways those who debated it could hardly have imagined"--
_cProvided by publisher.
563 _aHB
650 0 _aEmigration and immigration law
_zUnited States
_xHistory
_y20th century.
_995087
650 0 _aImmigrants
_zUnited States
_xHistory
_y20th century.
_995088
651 0 _aUnited States
_xEmigration and immigration
_xHistory
_y20th century.
_995089
906 _a7
_bcbc
_corignew
_d1
_eecip
_f20
_gy-gencatlg
942 _2ddc
_cLC
999 _c590609
_d590609